|
|
|
|
| LEADER |
00000nab a2200000 a 4500 |
| 001 |
vtls000400150 |
| 003 |
SK-MaSNL |
| 005 |
20260304215610.0 |
| 008 |
160215c1990 xo 0 slo |
| 015 |
|
|
|a SNBRB19rr/mm-uuuuu
|
| 035 |
|
|
|a CL0400274
|
| 040 |
|
|
|a SNKBUCL
|b slo
|c SNKBUCL
|e AACR2
|
| 041 |
0 |
|
|a slo
|
| 044 |
|
|
|a xo
|c SK
|
| 080 |
|
|
|a 792.075
|2 1981
|
| 080 |
|
|
|a 792.071.2
|2 1981
|
| 080 |
|
|
|a 37-051
|2 1981
|
| 080 |
|
|
|a 792
|2 1981
|
| 080 |
|
|
|a 929 Bagar, Andrej
|2 1981
|
| 100 |
1 |
|
|a Rapoš, Gabriel,
|d 1917-1994
|4 aut
|9 110728
|
| 245 |
1 |
0 |
|a Andrej Bagar sa zaslúžil o slovenské divadlo
|c Gabriel Rapoš
|
| 300 |
|
|
|b Fotogr.
|
| 600 |
1 |
7 |
|a Bagar, Andrej,
|d 1900-1966
|2 SNKMA
|9 38063
|
| 648 |
|
7 |
|a 1900-1966
|2 snkbucl
|9 1550445
|
| 650 |
0 |
7 |
|a slovenské divadlo
|2 snkbucl
|9 3370
|
| 655 |
|
7 |
|a články z novín a časopisov
|2 snkbucl
|9 267496
|
| 773 |
0 |
|
|t Dialóg 90
|g Roč. 2, č. 22 (1990), s. 2
|
| 850 |
|
|
|a Slovenská národná knižnica v Martine
|a MTA001
|
| 852 |
|
|
|a SNK
|b KIS3GCP
|
| 958 |
|
|
|a BX
|
| 958 |
|
|
|a RK
|
| 992 |
|
|
|a RBX
|
| 999 |
|
|
|c 3147315
|d 3149245
|